| 000 | 00926nam a22002057a 4500 | ||
|---|---|---|---|
| 005 | 20110902145252.0 | ||
| 010 | _aG-001157 | ||
| 020 |
_a _c40.00 |
||
| 035 | _aG-001157 | ||
| 037 | _bउपहार | ||
| 082 | _a551 | ||
| 100 |
_aआर्य, जगतराम _934192 |
||
| 245 |
_aधरती काँपती क्यों है ? / _cजगतराम आर्य |
||
| 260 |
_aनई दिल्ली _bजगतराम एण्ड संस _c2002 |
||
| 270 |
_a24/4855, अंसारी रोड़, दरियागंज _bनई दिल्ली _e110002 _k |
||
| 300 |
_a86पृ. _bसचित्र _c22 सेमी (सजिल्द) |
||
| 942 |
_2ddc _cCH _h551 _mआर्यज |
||
| 999 |
_c56223 _d56223 |
||